A cryogenic calorimeter based on a superconducting phase transition thermometer with thermal feedback and SQUID read out; Superconductor Science and Technology; Vol. 12, iss. 11

Detalles Bibliográficos
Parent link:Superconductor Science and Technology.— , 1988-
Vol. 12, iss. 11.— 1999.— [P. 1033-1035]
Outros autores: Meier O., Probst F., Seidel W., Schnagl J., Sisti M., Uchaykin S. V. Sergey Victorovich
Summary:Title screen
Cryogenic calorimeters with superconducting phase transition (SPT) thermometers are extremely sensitive particle detectors. Some characteristics of SPT calorimeters such as linearity and dynamic range often suffer from the superconducting transition shape. The common way to improve the performances is to use the voltage bias to operate the SPT calorimeter in strong electrothermal feedback mode. This method does not allow us to optimize the noise, linearity and dynamic properties simultaneously. We have developed a novel SQUID circuit with thermal feedback which allows to improve the linearity, dynamic range and speed of the SPT calorimeter. Results obtained with a cryogenic calorimeter based on a tungsten thermometer are presented
Режим доступа: по договору с организацией-держателем ресурса
Idioma:inglés
Publicado: 1999
Subjects:
Acceso en liña:http://elibrary.ru/item.asp?id=13321630
http://iopscience.iop.org/0953-2048/12/11/402
Formato: MixedMaterials Electrónico Capítulo de libro
KOHA link:https://koha.lib.tpu.ru/cgi-bin/koha/opac-detail.pl?biblionumber=637213

MARC

LEADER 00000naa0a2200000 4500
001 637213
005 20250920111920.0
035 |a (RuTPU)RU\TPU\network\1310 
035 |a RU\TPU\network\1308 
090 |a 637213 
100 |a 20140605d1999 k||y0rusy50 ba 
101 1 |a eng 
102 |a GB 
135 |a arcn ---uucaa 
181 0 |a i  
182 0 |a b 
200 1 |a A cryogenic calorimeter based on a superconducting phase transition thermometer with thermal feedback and SQUID read out   |f O. Meier [et al.] 
203 |a Text  |c electronic 
300 |a Title screen 
320 |a [Ref: p. 1035 (7 tit.)] 
330 |a Cryogenic calorimeters with superconducting phase transition (SPT) thermometers are extremely sensitive particle detectors. Some characteristics of SPT calorimeters such as linearity and dynamic range often suffer from the superconducting transition shape. The common way to improve the performances is to use the voltage bias to operate the SPT calorimeter in strong electrothermal feedback mode. This method does not allow us to optimize the noise, linearity and dynamic properties simultaneously. We have developed a novel SQUID circuit with thermal feedback which allows to improve the linearity, dynamic range and speed of the SPT calorimeter. Results obtained with a cryogenic calorimeter based on a tungsten thermometer are presented 
333 |a Режим доступа: по договору с организацией-держателем ресурса 
461 1 |t Superconductor Science and Technology  |d 1988- 
463 1 |t Vol. 12, iss. 11  |v [P. 1033-1035]  |d 1999 
610 1 |a труды учёных ТПУ 
610 1 |a электронный ресурс 
701 1 |a Meier  |b O. 
701 1 |a Probst  |b F. 
701 1 |a Seidel  |b W. 
701 1 |a Schnagl  |b J. 
701 1 |a Sisti  |b M. 
701 1 |a Uchaykin  |b S. V.  |c specialist in the field of non-destructive testing  |c Engineer of Tomsk Polytechnic University, Doctor of physical and mathematical sciences  |f 1963-  |g Sergey Victorovich  |3 (RuTPU)RU\TPU\pers\32279 
801 1 |a RU  |b 63413507  |c 20100625 
801 2 |a RU  |b 63413507  |c 20160512  |g RCR 
856 4 |u http://elibrary.ru/item.asp?id=13321630 
856 4 |u http://iopscience.iop.org/0953-2048/12/11/402 
942 |c CF